01196 a2200205 4500003000500000005001700005020001500022040000900037082001500046100002500061245010600086250001200192260003700204300001000241505054400251650004000795942001200835999001900847952012400866Nust20221017121109.0 a9698535004 cNust a617.37,HAS aHashmi, M.A.9100429 aYour child with a deformity :ba guide to birth defects in children /cDr M.A Hashmi, Dr Sonya Hashmi a1st ed. aIslamabadbMaryah Printersc2000 a318:p aWhat Are Deformities (Page-1), What Causes Deformities (Page-11), Genes and Genetics (Page-29), How do we Inherit Problems (Page-45), Genetic Basis of Common Diseases (Page-61), What can be Done (Page-81), Some New Concepts (Page-101), Genetic Counseling (Page-113), Ethical Considerations (Page-121), Clinical Problems A-B (Page-125), Clinical Problems C-D (Page-144), Clinical Problems E-H (Page-179), Clinical Problems I-L (Page-205), Clinical Problems M-P (Page-221), Clinical Problems Q-T (Page-257), Clinical Problems U-Z (Page-281). aYour Child With A Deformity9100430 2ddccBK c183194d183194 00102ddc4070aMCSbMCScGENd2016-12-12o617.37,HASpMCS28736r2016-12-08w2016-12-12yBKzAlmirah No.26, Shelf No.4